| 000 | 00504nam a2200169 i 4500 | ||
|---|---|---|---|
| 001 | 24949 | ||
| 003 | ES-MaACL | ||
| 005 | 20230906153151.0 | ||
| 007 | t| | ||
| 008 | 021219s1952 sp ||||1| spa d | ||
| 245 | 0 | 0 |
_aApuntes de Derecho del trabajo _b: ; Introducción y fuentes ; La relación del trabajo. |
| 260 |
_aValladolid : _bMiñón, _c1952. |
||
| 300 |
_a248 p. ; _c26 cm. |
||
| 740 | 0 | _aIntroducción y fuentes. | |
| 740 | 3 | _aLa relación del trabajo. | |
| 852 |
_aES-MaACL _jD-6778 _bR.34066 |
||
| 999 |
_c24949 _d24949 |
||